| 000 | 00871nam a22002297a 4500 | ||
|---|---|---|---|
| 999 |
_c18906 _d18906 |
||
| 003 | AR-CdUCM | ||
| 008 | 190226b ||||| |||| 00| 0 spa d | ||
| 040 |
_aMUNICIPALIDAD PROVINCIAL DEL CUSCO _cBIBLIOTECA MUNICIPAL DEL CUSCO |
||
| 082 |
_27ed. _a370.11 / _bL31 |
||
| 100 |
_aLay, W. A. _94626 |
||
| 245 | _aManual de pedagogía / | ||
| 260 |
_aBuenos Aires : _bEditorial Losada, S.A.; _c1967. |
||
| 300 |
_a181 paginas ; _c20 cm. |
||
| 440 |
_aBiblioteca pedagógica _936504 |
||
| 505 | _aContenido : Naturaleza y problema de la educación -- Condición de la educación -- Las materias de enseñanza -- Organización de las escuelas -- Las formas de enseñanza ... | ||
| 650 |
_aEnseñanza _91616 |
||
| 650 |
_aEducación _9460 |
||
| 650 |
_aEscolar _94628 |
||
| 700 |
_aLuzurriaga, Lorenzo (traducción) _94629 |
||
| 942 |
_2ddc _cLIBROS |
||
| 945 |
_arah _d2019/05/15 |
||